Catalog

Record Details

Catalog Search



The storm : NUMA Files  Cover Image CD Audiobook CD Audiobook

The storm : NUMA Files / Clive Cussler and Graham Brown.

Cussler, Clive, 1931-2020 (author). Brown, Graham, 1969- (Added Author). Brick, Scott. (Added Author).

Summary:

In the middle of the Indian Ocean, a NUMA research vessel is taking water samples at sunset, when a crew member spots a sheen of black oil ahead of them. But it is not oil. Like a horde of army ants, a swarm of black particles suddenly attacks the ship, killing everyone aboard, while the ship itself goes up in flames. A few hours later, Kurt Austin and Joe Zavala are on their way to the Indian Ocean. What they will find there on the smoldering hulk of the ship will eventually lead them to the discovery of the most audacious scheme they have ever known: a plan to permanently alter the weather on a global scale. It will kill millions . . . and it has already begun.

Record details

  • ISBN: 9781611760866
  • ISBN: 1611760860
  • Physical Description: 9 audio discs (660 min.) : digital ; 4 3/4 in.
  • Edition: Unabridged.
  • Publisher: New York : Penguin Audio, ℗2012.

Content descriptions

General Note:
Compact discs.
Duration: 11:00:00.
Participant or Performer Note:
Read by Scott Brick.
Subject: Austin, Kurt (Fictitious character) > Fiction.
National Underwater and Marine Agency > Fiction.
Marine scientists > Fiction.
Weather control > Fiction.
Weapons of mass destruction > Fiction.
Climatic changes > Fiction.
Indian Ocean > Fiction.
Genre: Adventure fiction.
Sea stories.
Thrillers (Fiction)
Audiobooks.

Available copies

  • 1 of 1 copy available at scottsboropl.

Holds

  • 0 current holds with 1 total copy.
Show Only Available Copies
Location Call Number / Copy Notes Barcode Shelving Location Status Due Date
scottsboropl Bk/CD Cus 32269001032500 Adult - Audiobook Available -

LDR 01975cim a2200517Ia 4500
001144118
003SBPL
00520200427133343.0
008120213s2012 nyunnnn f n eng d
007sd fungnnmmneu
020 . ‡a9781611760866
020 . ‡a1611760860
0243 . ‡a9781611760866
035 . ‡a(CONS)144118
035 . ‡a(OCoLC)776207940 ‡z(OCoLC)795561436 ‡z(OCoLC)798733048 ‡z(OCoLC)1039435451 ‡z(OCoLC)1039951487
050 4. ‡aPS3553.U75 ‡bS86 2012ab
08204. ‡a813/.54 ‡223
1001 . ‡aCussler, Clive, ‡d1931-2020. : ‡eauthor
24514. ‡aThe storm : ‡bNUMA Files / ‡cClive Cussler and Graham Brown.
250 . ‡aUnabridged.
260 . ‡aNew York : ‡bPenguin Audio, ‡c℗2012.
300 . ‡a9 audio discs (660 min.) : ‡bdigital ; ‡c4 3/4 in.
336 . ‡aspoken word ‡bspw ‡2rdacontent
337 . ‡aaudio ‡bs ‡2rdamedia
338 . ‡aaudio disc ‡bsd ‡2rdacarrier
4901 . ‡aNUMA Files ; ‡vBk 10
5110 . ‡aRead by Scott Brick.
500 . ‡aCompact discs.
500 . ‡aDuration: 11:00:00.
520 . ‡aIn the middle of the Indian Ocean, a NUMA research vessel is taking water samples at sunset, when a crew member spots a sheen of black oil ahead of them. But it is not oil. Like a horde of army ants, a swarm of black particles suddenly attacks the ship, killing everyone aboard, while the ship itself goes up in flames. A few hours later, Kurt Austin and Joe Zavala are on their way to the Indian Ocean. What they will find there on the smoldering hulk of the ship will eventually lead them to the discovery of the most audacious scheme they have ever known: a plan to permanently alter the weather on a global scale. It will kill millions . . . and it has already begun.
60010. ‡aAustin, Kurt ‡c(Fictitious character) ‡vFiction.
61020. ‡aNational Underwater and Marine Agency ‡vFiction.
650 0. ‡aMarine scientists ‡vFiction.
650 0. ‡aWeather control ‡vFiction.
650 0. ‡aWeapons of mass destruction ‡vFiction.
650 0. ‡aClimatic changes ‡vFiction.
651 0. ‡aIndian Ocean ‡vFiction.
655 7. ‡aAdventure fiction.
655 7. ‡aSea stories.
655 7. ‡aThrillers (Fiction) ‡2lcgft
655 7. ‡aAudiobooks. ‡2lcgft
7001 . ‡aBrown, Graham, ‡d1969-
7001 . ‡aBrick, Scott.
8001 . ‡aCussler, Clive. ‡tNUMA files ; ‡v Bk 10 ‡sSpoken word.
830 0. ‡aKurt Austin adventures.
901 . ‡a144118 ‡bUnknown ‡c144118 ‡tbiblio

Additional Resources